Responses for Show #5664 - Thursday, April 2, 2009

Contestants

[<< previous game]

Brian Boone, a writer/editor from Ashland, Oregon

Diane Wilshere, an actor and playwright from Manassas, Virginia

Daniel Stauss, a federal claims examiner from Seattle, Washington (whose 1-day cash winnings total $25,500)

[next game >>]

Jeopardy! Round responses

ZOOLOGY
GEEK CHIC
SU-SU-SUSHI-O
THE PLAY'S THE THING
RECORD OF THE YEAR GRAMMYS
THE "END" ZONE
    $200 15
teeth

Daniel
    $200 1
the BlackBerry

Brian
    $200 26
soybeans

Brian
    $200 11
Hamlet

Brian
    $200 6
Bette Midler

Brian
    $200 21
surrender

Daniel
    $400 16
a hummingbird

Daniel
    $400 2
Sony

Daniel
    $400 27
wasabi

Brian
    $400 12
Who's Afraid of Virginia Woolf?

Brian
    $400 7
(Diane: What is Green Day?)

U2

DanielDiane
    $400 22
endorse

Brian
    $600 17
the armadillo

Daniel
    $600 3
silicon

Daniel
    $600 28
tofu

Brian
    $600 13
Cat on a Hot Tin Roof

Brian
    $600 8
Norah Jones

Brian
    $600 23
Chippendales

Brian
    $800 18
rosettes

Triple Stumper
    $800 4
radio

Daniel
    $800 29
avocado

Brian
    $800 14
Death of a Salesman

Daniel
    $800 9
Carole King

Brian
    $800 24
friendly fire

Brian
    $1000 19
a mandrill

Diane
    $1000 5
flash

Brian
    $1000 30
(Brian: What is tuna?)

eel

DanielBrian
    $1000 20
The Iceman Cometh

Brian
    $1000 10
Henry Mancini

Brian
    $2,400 25
(Brian: What is to entertain?)

portend

Brian

Scores at the first commercial break (after clue 15):

Daniel Diane Brian
$3,200 -$400 $5,000

Scores at the end of the Jeopardy! Round:

Daniel Diane Brian
$5,400 $600 $6,400

Double Jeopardy! Round responses

ASIAN GEOGRAPHY
MOVIE TAGLINES
THE TUDORS
(Alex: Season 3 premieres on Showtime this weekend. It's a great series. I highly recommend it.)
AMERICAN NO MORE
BEFORE HE WAS PRESIDENT...
WHAT "R" WE?
    $400 26
Seoul

Brian
    $400 2
Ghostbusters

Daniel
    $400 1
a joust

Daniel
    $400 17
Holiday Inn

Diane
    $400 12
(J.F.) Kennedy

Brian
    $400 11
(Diane: What is the kruger?)
...
(Alex: Kruger was a man.)

the rand

Diane
Triple Stumper
    $800 27
the Malay Peninsula

Triple Stumper
    $800 3
The Cable Guy

Daniel
    $800 8
[Applause for Diane's near run of the category]
(Alex: You obviously have watched the series, or you know a great deal about British history.)

Canterbury

Diane
    $800 18
Firestone

Brian
    $800 13
Harry Truman

Brian
    $800 22
reason

Daniel
    $400 28
(Alex: $400? You want to be around for Final Jep!, huh?)
(Brian: Yep.)

Manchuria

Brian
    $1200 4
The Lion King

Diane
    $1200 7
monasteries

Diane
    $1200 19
Belgium

Diane
    $4,000 14
(Brian: Who is James Monroe?)
(Alex: [Sighs] No. It was Thomas--)
(Brian: Wrong--wrong James? Oh.)
(Alex: Wrong James. [*].)
(Brian: Oh.)
(Alex: Not even a James.)
(Brian: All right.)

Thomas Jefferson

Brian
    $1200 23
the ragdoll cat

Triple Stumper
    $1600 29
the Pearl River

Triple Stumper
    $1600 9
Back to the Future

Daniel
    $1600 5
Thomas Cromwell

Diane
    $1600 20
Nestlé

Diane
    $1600 15
(Andrew) Jackson

Diane
    $1600 24
roscoe

Triple Stumper
    $2000 30
Turkey

Triple Stumper
    $2000 10
(Daniel: What is Transformers?)
(Brian: What is WALL-E?)

Iron Man

DanielDianeBrian
    $2000 6
Jane Seymour

Diane
    $2000 21
the Chrysler Building

Diane
    $2000 16
(Brian: Who is Zachary Taylor?)

Andrew Johnson

Brian
Triple Stumper
    $2000 25
rheumatology

Daniel

Scores at the end of the Double Jeopardy! Round:

Daniel Diane Brian
$9,400 $15,800 $1,200

[wagering suggestions for these scores]

Final Jeopardy! Round responses

TV CHARACTERS
BrianWho is Pebbles Flintstone?
$1,200
DanielWho is Pebbles Flintstone?
$9,400
DianeWho is Pebbles Flintstone?
$3,001
Pebbles Flintstone

Final scores:

Daniel Diane Brian
$18,800 $18,801 $2,400
2nd place: $2,000 New champion: $18,801 3rd place: $1,000

Game dynamics:

Coryat scores:

Daniel Diane Brian
$9,400 $15,800 $8,400
16 R,
1 W
12 R,
2 W
22 R
(including 1 DD),
5 W
(including 2 DDs)

Combined Coryat: $33,600

[game clues] [game scores] [suggest correction]

Game tape date: 2009-01-28
The J! Archive is created by fans, for fans. Scraping, republication, monetization, and malicious use prohibited; this site may use cookies and collect identifying information. See terms. The Jeopardy! game show and all elements thereof, including but not limited to copyright and trademark thereto, are the property of Jeopardy Productions, Inc. and are protected under law. This website is not affiliated with, sponsored by, or operated by Jeopardy Productions, Inc. Join the discussion at JBoard.tv.